01397nam a2200337 i 4500003000900000005001700009008004100026040004600067041000800113082002800121092000700149099003800156100004200194245011100236264003100347300003000378336002200408337002400430338003300454504006300487546010200550650004700652650004500699650002700744651001000771856005700781905000700838942001900845999001700864952017800881EG-GICUC20260331113345.0251220s1942 iq ||||fr|||| 00| 0 ara d a EG-GICUCbarac EG-GICUCd EG-GICUCerda aara04221a343.623bا ح . ع04221 aLaw1 10 343.623 ا ح . ع 1942 0 aاحمد عزت راجحeمؤلف.10aعلم النفس الجنائى :nالجزء الاول،pعلم الاجرام /cمحمد فتحى. 1aبغداد :b1942.c1942. a425 ؛ صفحةc24 سم. 2rda contentatext 2rda mediaaComputer 2rda carrieraOnline Resource aيحتوي على اراجاعات ببليوجرافية  aالنص أغلبه باللغة العربية مع بعض النصوص الإنجليزية14aعلم النفس الجنائى.2qrmak14aالإتجاة النفساني2qrmak14aعلم الاجرام 1 2qrmak40uhttps://fll.law.cu.edu.eg/fulltext/bks/B10-09077.pdf a75 2ddcn0cBKe21 c52022d52022 00102ddc40718القانون الجنائيaCUbLAW1d2025-12-20l0oLaw1 10 343.623 ا ح . ع 1942 1009077 V1,C1pB10-09077r2025-12-20 17:26:00t1w2025-12-20yBK